Estatísticas para Utah

Clique aqui para jogar o quiz

Estatísticas Gerais

  • Esse quiz foi jogado 2 vezes
  • A pontuação média é 2 de 15

Estatísticas das Respostas

Resposta% Correto
Salt Lake City
100%
Big Cottonwood Canyon
50%
Parque Nacional de Bryce Canyon
50%
Angels Landing
0%
Arco Delicado
0%
Deer Valley
0%
Grand Staircase-Escalante National Monument
0%
Moab
0%
Monument Valley
0%
Park City
0%
Parque Nacional de Canyonlands
0%
Parque Nacional de Capitol Reef
0%
Parque Nacional de Zion
0%
Parque Nacional dos Arcos
0%
The Narrows
0%

Distribuição das Pontuações

Percentil de Números Respondidos

Porcentagem de Pessoas com Cada Pontuação

Sua Pontuação Histórica

Você não jogou esse quiz